=LDR 00000nam 2200000 4500 =001 INLIS000000000004004 =005 20250617022931 =035 ##$$a 0010-0625000209 =007 ta =008 250617################f##########0#ind## =082 ##$$a 301.34 =084 ##$$a 301.34 BKK k =245 1#$$a Koordinasi Program Pembangunan di Lapangan /$c BKKBN PROP JATENG =260 ##$$a Jawa Tengah :$b BKKBN Prop Jateng,$c 1979 =300 ##$$a 18 hlm. =650 #4$$a Program Pembangunan =110 2#$$a BKKBN PROP JATENG =856 ##$$a Perpustakaan Kemendukbangga